Creative drawing and painting /

Bibliographic Details
Main Author: Bagnall, Brian
Format: Book
Language:English
Published: Cincinnati, Ohio : North Light, [1986]
Edition:[1st English ed.].
Subjects:

MARC

Tag First Indicator Second Indicator Subfields
LEADER 00000cam a2200000 a 4500
001 in00000013294
005 20151007052355.0
008 861020s1986 ohua 00110 eng
010 |a  86215865  
020 |a 0891341773 
035 |a (OCoLC)15221926 
035 |9 AAA7508AM 
040 |a DLC  |c DLC  |d m/c  |d TXA  |d UtOrBLW 
041 1 |a eng  |h ger 
049 |a TXAM  |c [A10924449] 
050 0 0 |a N7430  |b .B2513 1986 
082 0 |a 741.2  |2 19 
100 1 |a Bagnall, Brian. 
240 1 0 |a Zeichnen und Malen.  |l English 
245 1 0 |a Creative drawing and painting /  |c Brian Bagnall ; [translation by Wendy Lees]. 
250 |a [1st English ed.]. 
264 1 |a Cincinnati, Ohio :  |b North Light,  |c [1986] 
264 4 |c [©1986] 
300 |a 336 pages :  |b illustrations (some color) ;  |c 27 cm. 
336 |a text  |b txt  |2 rdacontent 
337 |a unmediated  |b n  |2 rdamedia 
338 |a volume  |b nc  |2 rdacarrier 
500 |a Translation of: Zeichnen und Malen. 
500 |a Title in half title page: Drawing and painting. 
500 |a Includes index. 
650 0 |a Art  |x Technique. 
740 0 |a Drawing and painting. 
999 |a MARS 
999 f f |s 73bda88c-ca42-3c12-a35e-165e715ca193  |i 414f642b-c06a-39f9-9ee2-0f014824e1b8  |t 0 
952 f f |p normal  |a Texas A&M University  |b College Station  |c Sterling C. Evans Library  |d Evans: Library Stacks  |t 0  |e N7430 .B2513 1986  |h Library of Congress classification  |i unmediated -- volume  |m A14810924449 
998 f f |a N7430 .B2513 1986  |t 0  |l Evans: Library Stacks